000 01273cam a2200349 4500
002 8179
008 031028n2003 000 0 eng u
020 _a0406963770
035 _a(Sirsi) u124082
041 _aeng
050 _a346.41043
_c18
100 _aGray, Kevin
245 _aLand law
250 _a3rd ed.
260 _aLondon
_bButterworths
_c2003
300 _alix,612p.
_c22cm.
350 _a14.95
490 _aButterworths Core Text Series
520 _aWritten primarily for students, this third edition text highlights a significant phase in the development of land law in England and Wales. Explores the law of real property in its many modern dimensions. Provides chapters on definition and extent of land; possession and title; informal creation of rights in land; regulation of trusts and co-ownership; freehold covenants; leases and tenancies; and mortgages. Tables of statutes and cases.
520 _aSupersedes first edition (ISBN 0406056013)
650 _aLAND REGISTRATION ACT 2002
650 _aPROPERTY LAW
650 _aPOSSESSION
650 _aFREEHOLD
650 _aLEASES
650 _aTENANCIES
650 _aMORTGAGES
690 _aPROPERTY
700 _aGray, S. F.
700 _aPadfield, N.
942 _n0
999 _c103135
_d103135